00663nam a22001937a 4500003000900000005001700009008004100026040002500067082001400092100002500106245007500131260004600206300002000252590002700272910001400299942001400313952012500327999001700452DO-SdBNP20220426100947.0110301s2015 dr 000 0 spa d aDO-SdBNPbspacBNPHU 4axxxxbxxx aCabrera, Luis98149610aJornada nacional de arrepentimiento y reconciliación /cLuis Cabrera aSanto Domingo :bMinisterio Zayit,c2015. a98 p. :c22 cm. aInventariado, 2022/ YL aYLockward 2ddccLBS1 00102ddc53708PDaBNPHUbBNPHUcCTd2018-02-19eAmigo del Hogarl0oxxxx xxxp2022-1530r2022-04-26w2022-04-26yLBS1 c51579d51579